[Event "Grand Swiss "]
[Date "2025.09.06"]
[White "Yakubboev, Nodirbek"]
[Black "Moussard, Jules"]
[WhiteElo "2681"]
[BlackElo "2591"]
[Round "3.3.15"]
[Result "1/2-1/2"]

1. e4 {[%clk 01:40:53] [%emt 00:00:06]} e5 {[%clk 01:40:53] [%emt 00:00:08]} 2.
Nf3 {[%clk 01:41:06] [%emt 00:00:17]} Nf6 {[%clk 01:41:18] [%emt 00:00:06]} 3.
d4 {[%clk 01:41:19] [%emt 00:00:17]} exd4 {[%clk 01:41:29] [%emt 00:00:19]} 4.
e5 {[%clk 01:41:13] [%emt 00:00:35]} Ne4 {[%clk 01:41:47] [%emt 00:00:12]} 5.
Qxd4 {[%clk 01:40:59] [%emt 00:00:44]} d5 {[%clk 01:42:10] [%emt 00:00:07]} 6.
exd6 {[%clk 01:41:23] [%emt 00:00:06]} Nxd6 {[%clk 01:42:34] [%emt 00:00:06]} 7.
Nc3 {[%clk 01:40:41] [%emt 00:01:12]} Nc6 {[%clk 01:42:17] [%emt 00:00:47]} 8.
Qf4 {[%clk 01:40:58] [%emt 00:00:12]} h6 {[%clk 01:42:32] [%emt 00:00:16]} 9. h4
{[%clk 01:14:31] [%emt 00:26:57]} Nf5 {[%clk 01:42:26] [%emt 00:00:35]} 10. Nb5
{[%clk 01:10:22] [%emt 00:04:39]} Bb4+ {[%clk 01:30:23] [%emt 00:12:33]} 11. c3
{[%clk 01:07:29] [%emt 00:03:23]} Ba5 {[%clk 01:29:12] [%emt 00:01:40]} 12. g4
{[%clk 00:57:43] [%emt 00:10:16]} Nfe7 {[%clk 01:16:17] [%emt 00:13:26]} 13. Be3
{[%clk 00:51:01] [%emt 00:07:12]} Qd7 {[%clk 01:05:50] [%emt 00:10:57]} 14. Bc4
{[%clk 00:42:45] [%emt 00:08:45]} O-O {[%clk 00:54:37] [%emt 00:11:43]} 15. g5
{[%clk 00:34:06] [%emt 00:09:09]} h5 {[%clk 00:54:46] [%emt 00:00:21]} 16. Rg1
{[%clk 00:27:14] [%emt 00:07:22]} Ng6 {[%clk 00:39:48] [%emt 00:15:28]} 17. Qe4
{[%clk 00:23:28] [%emt 00:04:17]} Qf5 {[%clk 00:39:40] [%emt 00:00:37]} 18. Qxf5
{[%clk 00:20:20] [%emt 00:03:38]} Bxf5 {[%clk 00:40:08] [%emt 00:00:02]} 19.
Nbd4 {[%clk 00:14:23] [%emt 00:06:27]} Be4 {[%clk 00:36:48] [%emt 00:03:50]} 20.
Nxc6 {[%clk 00:13:22] [%emt 00:01:31]} bxc6 {[%clk 00:34:03] [%emt 00:03:15]}
21. Be2 {[%clk 00:12:07] [%emt 00:01:45]} Bb6 {[%clk 00:33:10] [%emt 00:01:23]}
22. O-O-O {[%clk 00:11:13] [%emt 00:01:23]} Rfe8 {[%clk 00:22:36] [%emt
00:11:05]} 23. Nd4 {[%clk 00:11:14] [%emt 00:00:29]} Nxh4 {[%clk 00:20:57] [%emt
00:02:09]} 24. Bxh5 {[%clk 00:11:42] [%emt 00:00:03]} Rad8 {[%clk 00:12:24]
[%emt 00:09:03]} 25. Bg4 {[%clk 00:03:09] [%emt 00:09:03]} Ng2 {[%clk 00:05:37]
[%emt 00:07:16]} 26. Bd2 {[%clk 00:03:19] [%emt 00:00:21]} Bxd4 {[%clk 00:05:41]
[%emt 00:00:26]} 27. cxd4 {[%clk 00:03:38] [%emt 00:00:11]} Nh4 {[%clk 00:05:36]
[%emt 00:00:35]} 28. Bf4 {[%clk 00:02:26] [%emt 00:01:42]} Bf3 {[%clk 00:03:36]
[%emt 00:02:29]} 29. Rd3 {[%clk 00:02:50] [%emt 00:00:06]} Bxg4 {[%clk 00:01:55]
[%emt 00:02:11]} 30. Rxg4 {[%clk 00:03:18] [%emt 00:00:01]} Nf5 {[%clk 00:02:08]
[%emt 00:00:17]} 31. Bxc7 {[%clk 00:03:27] [%emt 00:00:21]} Rd5 {[%clk 00:01:59]
[%emt 00:00:39]} 32. Kd2 {[%clk 00:02:13] [%emt 00:01:44]} Re7 {[%clk 00:02:22]
[%emt 00:00:08]} 33. Be5 {[%clk 00:01:43] [%emt 00:01:00]} Red7 {[%clk 00:01:48]
[%emt 00:01:04]} 34. b4 {[%clk 00:01:45] [%emt 00:00:28]} Kh7 {[%clk 00:01:35]
[%emt 00:00:44]} 35. g6+ {[%clk 00:01:49] [%emt 00:00:25]} fxg6 {[%clk 00:02:00]
[%emt 00:00:04]} 36. Kc3 {[%clk 00:02:07] [%emt 00:00:11]} a5 {[%clk 00:01:43]
[%emt 00:00:48]} 37. a3 {[%clk 00:01:27] [%emt 00:01:10]} axb4+ {[%clk 00:02:06]
[%emt 00:00:07]} 38. axb4 {[%clk 00:01:56]} Ra7 {[%clk 00:02:24] [%emt
00:00:12]} 39. Kc4 {[%clk 00:01:52] [%emt 00:00:33]} Nd6+ {[%clk 00:00:40] [%emt
00:02:14]} 40. Bxd6 {[%clk 00:01:47] [%emt 00:00:35]} Rxd6 {[%clk 00:01:09]
[%emt 00:00:01]} 41. Rf3 {[%clk 00:48:40] [%emt 00:03:36]} Ra2 {[%clk 00:47:36]
[%emt 00:04:04]} 42. Rf8 {[%clk 00:40:56] [%emt 00:08:14]} Rd5 {[%clk 00:45:11]
[%emt 00:02:56]} 43. Re4 {[%clk 00:37:20] [%emt 00:04:05]} Rf5 {[%clk 00:42:02]
[%emt 00:03:36]} 44. Rh4+ {[%clk 00:36:03] [%emt 00:01:50]} Rh5 {[%clk 00:42:28]
[%emt 00:00:05]} 45. Re4 {[%clk 00:36:30] [%emt 00:00:03]} Rf5 {[%clk 00:42:55]
[%emt 00:00:03]} 46. Rh4+ {[%clk 00:36:18] [%emt 00:00:41]} Rh5 {[%clk 00:43:20]
[%emt 00:00:06]} 47. Re4 {[%clk 00:36:43] [%emt 00:00:04]} 1/2-1/2

[Site "Europe Echecs"]

[Event "Grand Swiss "]
[Date "2025.09.06"]
[White "Gumularz, Szymon"]
[Black "Oparin, Grigoriy"]
[WhiteElo "2590"]
[BlackElo "2660"]
[Round "3.3.16"]
[Result "1-0"]

1. e4 {[%clk 01:40:56] [%emt 00:00:03]} c5 {[%clk 01:40:56] [%emt 00:00:04]} 2.
Nf3 {[%clk 01:41:17] [%emt 00:00:08]} Nc6 {[%clk 01:41:22] [%emt 00:00:05]} 3.
Bb5 {[%clk 01:41:36] [%emt 00:00:11]} Nf6 {[%clk 01:41:42] [%emt 00:00:10]} 4.
Bxc6 {[%clk 01:40:28] [%emt 00:01:38]} dxc6 {[%clk 01:42:07] [%emt 00:00:05]} 5.
d3 {[%clk 01:40:50] [%emt 00:00:08]} Bg4 {[%clk 01:42:22] [%emt 00:00:15]} 6. h3
{[%clk 01:40:47] [%emt 00:00:32]} Bh5 {[%clk 01:42:47] [%emt 00:00:05]} 7. Bf4
{[%clk 01:38:24] [%emt 00:02:54]} c4 {[%clk 01:42:07] [%emt 00:01:09]} 8. Nc3
{[%clk 01:34:48] [%emt 00:04:06]} cxd3 {[%clk 01:42:19] [%emt 00:00:18]} 9. cxd3
{[%clk 01:35:00] [%emt 00:00:18]} Nd7 {[%clk 01:41:28] [%emt 00:01:21]} 10. g4
{[%clk 01:24:00] [%emt 00:11:30]} Bg6 {[%clk 01:41:53] [%emt 00:00:05]} 11. d4
{[%clk 01:23:37] [%emt 00:00:53]} e6 {[%clk 01:40:20] [%emt 00:02:03]} 12. a3
{[%clk 01:22:50] [%emt 00:01:17]} Be7 {[%clk 01:32:02] [%emt 00:08:48]} 13. Qe2
{[%clk 01:20:39] [%emt 00:02:41]} a5 {[%clk 01:24:16] [%emt 00:08:17]} 14. Rd1
{[%clk 01:07:54] [%emt 00:13:14]} O-O {[%clk 01:18:22] [%emt 00:06:23]} 15. h4
{[%clk 01:06:13] [%emt 00:02:12]} f5 {[%clk 01:07:13] [%emt 00:11:40]} 16. Ng5
{[%clk 00:48:55] [%emt 00:17:47]} Bf7 {[%clk 01:03:31] [%emt 00:04:12]} 17. e5
{[%clk 00:36:54] [%emt 00:12:31]} Qe8 {[%clk 00:42:41] [%emt 00:21:20]} 18. h5
{[%clk 00:24:58] [%emt 00:12:25]} h6 {[%clk 00:38:48] [%emt 00:04:23]} 19. Nxf7
{[%clk 00:25:12] [%emt 00:00:16]} Qxf7 {[%clk 00:39:14] [%emt 00:00:04]} 20. Rg1
{[%clk 00:25:19] [%emt 00:00:23]} fxg4 {[%clk 00:37:20] [%emt 00:02:24]} 21.
Qxg4 {[%clk 00:25:17] [%emt 00:00:31]} Bg5 {[%clk 00:36:46] [%emt 00:01:05]} 22.
Ne2 {[%clk 00:25:16] [%emt 00:00:31]} Rad8 {[%clk 00:31:21] [%emt 00:05:55]} 23.
Rg2 {[%clk 00:24:22] [%emt 00:01:24]} Bxf4 {[%clk 00:28:04] [%emt 00:03:47]} 24.
Nxf4 {[%clk 00:24:41] [%emt 00:00:10]} Rfe8 {[%clk 00:28:31] [%emt 00:00:03]}
25. Qg6 {[%clk 00:13:08] [%emt 00:12:03]} Qxg6 {[%clk 00:19:04] [%emt 00:09:58]}
26. Rxg6 {[%clk 00:13:12] [%emt 00:00:26]} Nf8 {[%clk 00:19:00] [%emt 00:00:35]}
27. Rg4 {[%clk 00:13:29] [%emt 00:00:12]} Re7 {[%clk 00:18:04] [%emt 00:01:26]}
28. Ke2 {[%clk 00:13:07] [%emt 00:00:52]} Rf7 {[%clk 00:08:23] [%emt 00:10:11]}
29. Ke3 {[%clk 00:11:15] [%emt 00:02:22]} Re8 {[%clk 00:07:17] [%emt 00:01:36]}
30. Rdg1 {[%clk 00:10:19] [%emt 00:01:26]} Kh7 {[%clk 00:06:21] [%emt 00:01:26]}
31. Ng6 {[%clk 00:10:08] [%emt 00:00:41]} Kg8 {[%clk 00:05:11] [%emt 00:01:41]}
32. Rf4 {[%clk 00:07:49] [%emt 00:02:49]} Nxg6 {[%clk 00:05:14] [%emt 00:00:27]}
33. Rxg6 {[%clk 00:05:58] [%emt 00:02:21]} Rxf4 {[%clk 00:04:50] [%emt
00:00:54]} 34. Kxf4 {[%clk 00:06:26] [%emt 00:00:01]} Kf7 {[%clk 00:05:15] [%emt
00:00:05]} 35. Ke4 {[%clk 00:06:38] [%emt 00:00:18]} Rd8 {[%clk 00:04:38] [%emt
00:01:07]} 36. Rg3 {[%clk 00:04:27] [%emt 00:02:41]} a4 {[%clk 00:03:52] [%emt
00:01:17]} 37. b4 {[%clk 00:04:13] [%emt 00:00:45]} axb3 {[%clk 00:03:45] [%emt
00:00:37]} 38. Rf3+ {[%clk 00:04:25] [%emt 00:00:18]} Ke8 {[%clk 00:01:59] [%emt
00:02:17]} 39. Rxb3 {[%clk 00:04:51] [%emt 00:00:04]} Rd7 {[%clk 00:01:11] [%emt
00:01:17]} 40. a4 {[%clk 00:04:40] [%emt 00:00:42]} Rf7 {[%clk 00:00:53] [%emt
00:00:47]} 41. f4 {[%clk 00:04:53] [%emt 00:00:16]} Kd8 {[%clk 00:01:18] [%emt
00:00:06]} 42. a5 {[%clk 00:03:27] [%emt 00:01:55]} Kc7 {[%clk 00:48:18] [%emt
00:03:30]} 43. Rg3 {[%clk 00:51:35] [%emt 00:02:23]} Kd7 {[%clk 00:46:09] [%emt
00:02:39]} 44. Rg2 {[%clk 00:51:13] [%emt 00:00:52]} Kc7 {[%clk 00:45:40] [%emt
00:01:00]} 45. Rg6 {[%clk 00:48:09] [%emt 00:03:33]} Kd7 {[%clk 00:46:05] [%emt
00:00:05]} 46. Kf3 {[%clk 00:44:21] [%emt 00:04:19]} Ke7 {[%clk 00:45:36] [%emt
00:00:59]} 47. Kg4 {[%clk 00:42:54] [%emt 00:01:57]} Kd7 {[%clk 00:45:59] [%emt
00:00:08]} 48. f5 {[%clk 00:40:30] [%emt 00:02:54]} exf5+ {[%clk 00:46:17] [%emt
00:00:11]} 49. Kf4 {[%clk 00:40:58] [%emt 00:00:03]} Kd8 {[%clk 00:41:33] [%emt
00:05:15]} 50. a6 {[%clk 00:34:35] [%emt 00:06:52]} bxa6 {[%clk 00:40:36] [%emt
00:01:27]} 51. Rxc6 {[%clk 00:34:58] [%emt 00:00:06]} a5 {[%clk 00:40:36] [%emt
00:00:30]} 52. e6 {[%clk 00:33:51] [%emt 00:01:37]} Ra7 {[%clk 00:40:29] [%emt
00:00:37]} 53. d5 {[%clk 00:32:35] [%emt 00:01:46]} a4 {[%clk 00:40:24] [%emt
00:00:35]} 54. d6 {[%clk 00:32:11] [%emt 00:00:53]} Ra8 {[%clk 00:40:27] [%emt
00:00:28]} 55. Rc7 {[%clk 00:31:04] [%emt 00:01:37]} 1-0

[Site "Europe Echecs"]

[Event "Grand Swiss "]
[Date "2025.09.06"]
[White "Aronian, Levon"]
[Black "Bartel, Mateusz"]
[WhiteElo "2744"]
[BlackElo "2581"]
[Round "3.3.17"]
[Result "1-0"]

1. e4 {[%clk 01:40:56] [%emt 00:00:03]} e5 {[%clk 01:40:51] [%emt 00:00:07]} 2.
Nf3 {[%clk 01:41:22] [%emt 00:00:06]} Nc6 {[%clk 01:41:15] [%emt 00:00:06]} 3.
Bb5 {[%clk 01:41:47] [%emt 00:00:05]} a6 {[%clk 01:41:30] [%emt 00:00:15]} 4.
Ba4 {[%clk 01:42:13] [%emt 00:00:05]} Nf6 {[%clk 01:41:53] [%emt 00:00:06]} 5.
O-O {[%clk 01:42:37] [%emt 00:00:06]} Nxe4 {[%clk 01:41:14] [%emt 00:01:08]} 6.
d4 {[%clk 01:42:15] [%emt 00:00:52]} Be7 {[%clk 01:41:38] [%emt 00:00:06]} 7.
Re1 {[%clk 01:42:37] [%emt 00:00:09]} b5 {[%clk 01:41:41] [%emt 00:00:26]} 8.
Rxe4 {[%clk 01:42:58] [%emt 00:00:10]} d5 {[%clk 01:42:04] [%emt 00:00:06]} 9.
Nxe5 {[%clk 01:43:24] [%emt 00:00:04]} Nxe5 {[%clk 01:42:25] [%emt 00:00:09]}
10. Bxb5+ {[%clk 01:43:51] [%emt 00:00:03]} axb5 {[%clk 01:39:26] [%emt
00:03:28]} 11. Rxe5 {[%clk 01:44:13] [%emt 00:00:08]} O-O {[%clk 01:35:15] [%emt
00:04:41]} 12. Bf4 {[%clk 01:44:32] [%emt 00:00:11]} g5 {[%clk 01:18:46] [%emt
00:16:59]} 13. Bc1 {[%clk 01:44:36] [%emt 00:00:26]} Bf6 {[%clk 01:11:46] [%emt
00:07:29]} 14. Re1 {[%clk 01:44:34] [%emt 00:00:32]} Ra6 {[%clk 01:12:10] [%emt
00:00:06]} 15. c3 {[%clk 01:38:15] [%emt 00:06:49]} Bg7 {[%clk 01:11:10] [%emt
00:01:30]} 16. Nd2 {[%clk 01:37:29] [%emt 00:01:15]} f5 {[%clk 01:01:45] [%emt
00:09:55]} 17. f4 {[%clk 01:31:20] [%emt 00:06:39]} c5 {[%clk 00:56:06] [%emt
00:06:09]} 18. Nb3 {[%clk 01:29:43] [%emt 00:02:07]} cxd4 {[%clk 00:51:00] [%emt
00:05:35]} 19. Nxd4 {[%clk 01:23:12] [%emt 00:07:02]} b4 {[%clk 00:50:33] [%emt
00:00:57]} 20. Be3 {[%clk 01:22:02] [%emt 00:01:40]} bxc3 {[%clk 00:44:44] [%emt
00:06:19]} 21. bxc3 {[%clk 01:22:03] [%emt 00:00:30]} Qc7 {[%clk 00:45:04] [%emt
00:00:10]} 22. Qd2 {[%clk 01:20:43] [%emt 00:01:50]} Qc4 {[%clk 00:41:50] [%emt
00:03:44]} 23. fxg5 {[%clk 01:16:16] [%emt 00:04:56]} Ra3 {[%clk 00:38:27] [%emt
00:03:53]} 24. Ne2 {[%clk 01:14:40] [%emt 00:02:06]} Rxc3 {[%clk 00:26:29] [%emt
00:12:28]} 25. Rac1 {[%clk 01:11:49] [%emt 00:03:21]} Rxc1 {[%clk 00:24:09]
[%emt 00:02:51]} 26. Rxc1 {[%clk 01:12:11] [%emt 00:00:08]} Qe4 {[%clk 00:24:24]
[%emt 00:00:14]} 27. Bd4 {[%clk 01:07:37] [%emt 00:05:04]} Re8 {[%clk 00:21:06]
[%emt 00:03:48]} 28. Bxg7 {[%clk 01:07:48] [%emt 00:00:19]} Qxe2 {[%clk
00:20:25] [%emt 00:01:11]} 29. Qxe2 {[%clk 00:57:05] [%emt 00:11:14]} Rxe2
{[%clk 00:20:28] [%emt 00:00:26]} 30. Rc7 {[%clk 00:57:27] [%emt 00:00:08]} f4
{[%clk 00:17:47] [%emt 00:03:11]} 31. Bh6 {[%clk 00:40:31] [%emt 00:17:25]} Re8
{[%clk 00:18:12] [%emt 00:00:06]} 32. Rg7+ {[%clk 00:38:34] [%emt 00:02:27]} Kh8
{[%clk 00:17:50] [%emt 00:00:51]} 33. Rf7 {[%clk 00:37:21] [%emt 00:01:44]} d4
{[%clk 00:18:15] [%emt 00:00:05]} 34. Rxf4 {[%clk 00:37:39] [%emt 00:00:12]} d3
{[%clk 00:18:40] [%emt 00:00:06]} 35. Rd4 {[%clk 00:34:09] [%emt 00:04:00]} Bf5
{[%clk 00:17:39] [%emt 00:01:30]} 36. g4 {[%clk 00:29:00] [%emt 00:05:39]} Bg6
{[%clk 00:13:46] [%emt 00:04:23]} 37. h4 {[%clk 00:26:36] [%emt 00:02:54]} Kg8
{[%clk 00:12:50] [%emt 00:01:25]} 38. h5 {[%clk 00:20:05] [%emt 00:07:01]} Be4
{[%clk 00:03:57] [%emt 00:09:24]} 39. Kf2 {[%clk 00:19:03] [%emt 00:01:31]} Kf7
{[%clk 00:04:08] [%emt 00:00:19]} 40. Kg3 {[%clk 00:18:13] [%emt 00:01:19]} Re6
{[%clk 00:01:00] [%emt 00:03:39]} 41. Kf4 {[%clk 00:17:27] [%emt 00:01:16]} Bc6
{[%clk 00:47:36] [%emt 00:03:54]} 42. Rxd3 {[%clk 01:07:11] [%emt 00:00:46]}
Re4+ {[%clk 00:48:00] [%emt 00:00:06]} 43. Kf5 {[%clk 01:06:31] [%emt 00:01:10]}
Re6 {[%clk 00:48:28] [%emt 00:00:02]} 44. Rd4 {[%clk 01:06:32] [%emt 00:00:29]}
1-0

[Site "Europe Echecs"]

[Event "Grand Swiss "]
[Date "2025.09.06"]
[White "Mamedyarov, Shakhriyar"]
[Black "Amin, Bassem"]
[WhiteElo "2741"]
[BlackElo "2636"]
[Round "3.3.18"]
[Result "1-0"]

1. d4 {[%clk 01:40:57] [%emt 00:00:02]} Nf6 {[%clk 01:40:03] [%emt 00:00:56]} 2.
c4 {[%clk 01:41:21] [%emt 00:00:07]} g6 {[%clk 01:40:24] [%emt 00:00:09]} 3. Nf3
{[%clk 01:41:24] [%emt 00:00:26]} Bg7 {[%clk 01:40:31] [%emt 00:00:24]} 4. g3
{[%clk 01:41:43] [%emt 00:00:11]} O-O {[%clk 01:37:20] [%emt 00:03:40]} 5. Bg2
{[%clk 01:42:00] [%emt 00:00:13]} c6 {[%clk 01:37:14] [%emt 00:00:38]} 6. O-O
{[%clk 01:41:47] [%emt 00:00:42]} d5 {[%clk 01:37:40] [%emt 00:00:05]} 7. Qa4
{[%clk 01:42:14] [%emt 00:00:04]} Nfd7 {[%clk 01:34:27] [%emt 00:03:42]} 8. Qc2
{[%clk 01:37:48] [%emt 00:04:55]} dxc4 {[%clk 01:31:14] [%emt 00:03:44]} 9. Qxc4
{[%clk 01:31:57] [%emt 00:06:22]} Nb6 {[%clk 01:31:14] [%emt 00:00:30]} 10. Qc2
{[%clk 01:31:12] [%emt 00:01:14]} Na6 {[%clk 01:16:37] [%emt 00:15:07]} 11. Rd1
{[%clk 01:15:02] [%emt 00:16:39]} Nb4 {[%clk 01:13:16] [%emt 00:03:52]} 12. Qc3
{[%clk 01:04:06] [%emt 00:11:19]} a5 {[%clk 00:55:36] [%emt 00:18:17]} 13. a3
{[%clk 00:59:50] [%emt 00:04:46]} c5 {[%clk 00:31:56] [%emt 00:24:10]} 14. Qxc5
{[%clk 00:55:57] [%emt 00:04:24]} Na4 {[%clk 00:32:10] [%emt 00:00:15]} 15. Qg5
{[%clk 00:41:58] [%emt 00:14:25]} Nc2 {[%clk 00:32:24] [%emt 00:00:20]} 16. Ra2
{[%clk 00:42:12] [%emt 00:00:16]} Nxd4 {[%clk 00:30:39] [%emt 00:02:15]} 17.
Nxd4 {[%clk 00:41:45] [%emt 00:00:58]} Bxd4 {[%clk 00:29:27] [%emt 00:01:41]}
18. b3 {[%clk 00:37:05] [%emt 00:05:10]} Nc5 {[%clk 00:12:40] [%emt 00:17:17]}
19. Nc3 {[%clk 00:29:13] [%emt 00:08:22]} Be6 {[%clk 00:08:49] [%emt 00:04:21]}
20. Rad2 {[%clk 00:20:17] [%emt 00:09:25]} Nxb3 {[%clk 00:08:53] [%emt
00:00:26]} 21. Rxd4 {[%clk 00:20:39] [%emt 00:00:09]} Nxd4 {[%clk 00:09:20]
[%emt 00:00:03]} 22. Qe5 {[%clk 00:20:59] [%emt 00:00:07]} Rc8 {[%clk 00:05:06]
[%emt 00:04:46]} 23. Rxd4 {[%clk 00:21:14] [%emt 00:00:14]} Qc7 {[%clk 00:05:08]
[%emt 00:00:28]} 24. Qxc7 {[%clk 00:21:22] [%emt 00:00:23]} Rxc7 {[%clk
00:05:37] [%emt 00:00:01]} 25. Bd2 {[%clk 00:21:31] [%emt 00:00:19]} Rfc8 {[%clk
00:05:53] [%emt 00:00:15]} 26. Nd5 {[%clk 00:21:30] [%emt 00:00:30]} Rd7 {[%clk
00:05:00] [%emt 00:01:24]} 27. e4 {[%clk 00:20:17] [%emt 00:01:42]} b5 {[%clk
00:04:50] [%emt 00:00:41]} 28. Bf1 {[%clk 00:10:41] [%emt 00:10:06]} b4 {[%clk
00:02:48] [%emt 00:02:32]} 29. axb4 {[%clk 00:10:33] [%emt 00:00:38]} a4 {[%clk
00:01:42] [%emt 00:01:37]} 30. b5 {[%clk 00:10:08] [%emt 00:00:54]} a3 {[%clk
00:02:03] [%emt 00:00:09]} 31. Ra4 {[%clk 00:10:09] [%emt 00:00:29]} Bxd5 {[%clk
00:02:18] [%emt 00:00:15]} 32. exd5 {[%clk 00:10:32] [%emt 00:00:07]} Rxd5
{[%clk 00:02:45] [%emt 00:00:03]} 33. Be3 {[%clk 00:09:35] [%emt 00:01:25]} Rc3
{[%clk 00:00:51] [%emt 00:02:25]} 34. b6 {[%clk 00:09:34] [%emt 00:00:32]} Rb3
{[%clk 00:00:42] [%emt 00:00:39]} 35. Bc4 {[%clk 00:09:14] [%emt 00:00:51]} Rd1+
{[%clk 00:01:08] [%emt 00:00:04]} 36. Kg2 {[%clk 00:09:40] [%emt 00:00:03]} Rxe3
{[%clk 00:01:30] [%emt 00:00:08]} 37. fxe3 {[%clk 00:09:16] [%emt 00:00:54]} Rb1
{[%clk 00:01:56] [%emt 00:00:03]} 38. Ra6 {[%clk 00:09:12] [%emt 00:00:34]} Kg7
{[%clk 00:01:46] [%emt 00:00:41]} 39. Bd5 {[%clk 00:08:39] [%emt 00:01:02]} e6
{[%clk 00:01:53] [%emt 00:00:23]} 40. Bc6 {[%clk 00:08:33] [%emt 00:00:36]} a2
{[%clk 00:00:35] [%emt 00:01:49]} 41. b7 {[%clk 00:08:49] [%emt 00:00:14]} 1-0

[Site "Europe Echecs"]